000 00736nam a22002057a 4500
999 _c971
_d971
008 160205b xxu||||| |||| 00| 0 eng d
020 _a0618349006
082 _22005
_aDK12 372.41
_bR698
100 _92505
_aRoe, Betty D.
245 _aTeaching reading in today's elementary schools /
_cBetty D. Roe, Sandy H. Smith and Paul C. Burns.
250 _a9th edition.
260 _aBoston :
_bHoughton Mifflin Company,
_cc2005.
300 _axvii, 605 pages :
_billustrations ;
_c25 cm.
500 _aIncludes appendix, glossary, references and index.
650 0 _92512
_aReading (Elementary)
_zUnited States
650 0 _92513
_aReading (Elementary)
700 _92514
_aSmith, Sandy H.
700 _92515
_aBurns, Paul C.
942 _2ddc
_cBK